| Tag |
First Indicator |
Second Indicator |
Subfields |
| LEADER |
00000cam a2200000K 4500 |
| 001 |
in00003520113 |
| 005 |
20190407115558.0 |
| 006 |
m o d |
| 007 |
cr unu---uuaua |
| 008 |
090109s1911 nyu ob 000 0 eng d |
| 019 |
|
|
|a 259702423
|a 593195761
|
| 035 |
|
|
|a (OCoLC)ocn297725406
|
| 035 |
|
|
|a (OCoLC)297725406
|z (OCoLC)259702423
|z (OCoLC)593195761
|
| 040 |
|
|
|a OCLCE
|b eng
|e pn
|c OCLCE
|d OCLCQ
|d VLB
|d OCLCQ
|d OCLCF
|d OCLCO
|d UtOrBLW
|
| 042 |
|
|
|a dlr
|
| 049 |
|
|
|a TXAM
|
| 050 |
|
4 |
|a Q159
|b .T42
|
| 082 |
0 |
4 |
|a 500
|
| 100 |
1 |
|
|a Thomson, J. Arthur
|q (John Arthur),
|d 1861-1933.
|
| 245 |
1 |
0 |
|a Introduction to science /
|c by J. Arthur Thomson.
|
| 264 |
|
1 |
|a New York :
|b H. Holt and Company,
|c [1911]
|
| 264 |
|
4 |
|c [©1911]
|
| 300 |
|
|
|a 1 online resource (256 pages)
|
| 336 |
|
|
|a text
|b txt
|2 rdacontent
|
| 337 |
|
|
|a computer
|b c
|2 rdamedia
|
| 338 |
|
|
|a online resource
|b cr
|2 rdacarrier
|
| 490 |
1 |
|
|a Home university library of modern knowledge ;
|v no. 21
|
| 504 |
|
|
|a "Reference to books": pages 251-258.
|
| 520 |
|
|
|a "This classic book discusses what science is: it's purposes and how it relates it to philosophy, art, religion." (PsycINFO Database Record (c) 2010 APA, all rights reserved).
|
| 538 |
|
|
|a Master and use copy. Digital master created according to Benchmark for Faithful Digital Reproductions of Monographs and Serials, Version 1. Digital Library Federation, December 2002.
|u http://purl.oclc.org/DLF/benchrepro0212
|5 MiAaHDL
|
| 583 |
1 |
|
|a digitized
|c 2010
|h HathiTrust Digital Library
|l committed to preserve
|2 pda
|5 MiAaHDL
|
| 588 |
|
|
|a Description based on print version record.
|
| 500 |
|
|
|a Electronic resource.
|
| 650 |
|
0 |
|a Science.
|
| 650 |
|
7 |
|a Science.
|2 fast
|0 (OCoLC)fst01108176
|
| 655 |
|
7 |
|a Electronic books.
|2 local
|
| 730 |
0 |
|
|a PsycBOOKs.
|
| 776 |
1 |
8 |
|i Print version:
|a Thomson, J. Arthur (John Arthur), 1861-1933.
|t Introduction to science.
|d New York, H. Holt and Co.; [etc., ©1911]
|w (DLC) 12000233
|w (OCoLC)1870243
|
| 830 |
|
0 |
|a Home university library of modern knowledge ;
|v no. 21.
|
| 856 |
4 |
0 |
|u http://proxy.library.tamu.edu/login?url=http://search.ebscohost.com/direct.asp?db=pzh&jid=200901945&scope=site
|z Connect to the full text of this electronic book
|t 0
|
| 994 |
|
|
|a 92
|b TXA
|
| 999 |
|
|
|a MARS
|
| 999 |
f |
f |
|s 3ae683f3-4ee6-35e5-8e01-f7bd704df954
|i d6250ace-bd56-3568-ad6e-b3c0cf85a672
|t 0
|
| 952 |
f |
f |
|a Texas A&M University
|b College Station
|c Electronic Resources
|d Available Online
|t 0
|e Q159 .T42
|h Library of Congress classification
|
| 998 |
f |
f |
|a Q159 .T42
|t 0
|l Available Online
|